| 000 | 00460nam a22001937a 4500 | ||
|---|---|---|---|
| 003 | LK-CoDNM | ||
| 005 | 20250402131101.0 | ||
| 008 | 250402b |||||||| |||| 00| 0 eng d | ||
| 040 |
_aLK-CoDNM _dLK-CoDNM _eLK-CoDNM |
||
| 041 | _aeng | ||
| 080 |
_a4 _bE12 |
||
| 100 | _aRegan.Tate | ||
| 245 | _aA Monohraph of the Fishes of the family Loricariidae | ||
| 260 | _c1904 | ||
| 300 | _a350p ; 32 cm | ||
| 650 | _aAnimals | ||
| 650 | _aFishes | ||
| 942 | _cBK | ||
| 999 |
_c239662 _d239662 |
||